|
|
|
|
| LEADER |
00000nam0a2200000 4500 |
| 001 |
326163 |
| 005 |
20231102003832.0 |
| 035 |
|
|
|a (RuTPU)RU\TPU\book\351798
|
| 090 |
|
|
|a 326163
|
| 100 |
|
|
|a 20161220d1981 k y0rusy50 ca
|
| 101 |
0 |
|
|a rus
|
| 102 |
|
|
|a RU
|
| 105 |
|
|
|a y z 001zy
|
| 200 |
1 |
|
|a Проблемы оптимизации учебного процесса в вузе
|e [сборник]
|f Ростовский -на- Дону государственный университет ; отв. ред. Л. А. Серафимов
|
| 210 |
|
|
|a Ростов-на-Дону
|c Изд-во Ростовского ун-та
|d 1981
|
| 215 |
|
|
|a 262 с.
|
| 320 |
|
|
|a Библиогр. в примеч.
|
| 606 |
1 |
|
|a Учебный процесс
|x Вузы
|2 stltpush
|3 (RuTPU)RU\TPU\subj\69286
|9 84209
|
| 610 |
1 |
|
|a оптимизация
|
| 610 |
1 |
|
|a проблемное обучение
|
| 610 |
1 |
|
|a практика
|
| 610 |
1 |
|
|a мотивация
|
| 610 |
1 |
|
|a технические средства
|
| 610 |
1 |
|
|a психология
|
| 610 |
1 |
|
|a воспитательная работа
|
| 610 |
1 |
|
|a групповая деятельность
|
| 686 |
|
|
|a Ч481.2
|v LBC/SL-A
|2 rubbk
|
| 702 |
|
1 |
|a Серафимов
|b Л. А.
|4 340
|
| 712 |
0 |
2 |
|a Ростовский -на- Дону государственный университет
|2 stltpush
|3 (RuTPU)RU\TPU\col\21675
|
| 801 |
|
1 |
|a RU
|b 63413507
|c 20161220
|
| 801 |
|
2 |
|a RU
|b 63413507
|c 20220418
|g RCR
|
| 942 |
|
|
|c BK
|